Las mujeres en los puestos directivos (Registro nro. 27694)
[ vista simple ]
| 000 -CABECERA | |
|---|---|
| Longitud fija campo de control | 01208naa a2200325 c 4500 |
| 001 - NÚMERO DE CONTROL | |
| Número de control | 27694 |
| 003 - IDENTIFICADOR DE NÚMERO DE CONTROL | |
| Identificador del número de control | ES-MaCES |
| 005 - FECHA Y HORA DE LA ÚLTIMA TRANSACCIÓN | |
| Fecha y hora de la última transacción | 19981124131400.0 |
| 008 - CAMPO FIJO DE DESCRIPCIÓN FIJA--INFORMACIÓN GENERAL | |
| Códigos de información de longitud fija | 950728n1994 sp ||| | spa d |
| 035 ## - NÚMERO DE CONTROL DEL SISTEMA | |
| Número de control del sistema | CES19980016298v |
| 040 ## - FUENTE DE CATALOGACIÓN | |
| Centro catalogador de origen | ES-MaCES |
| Lengua de catalogación | spa |
| Centro transcriptor | ES-MaCES |
| 041 1# - CÓDIGO DE IDIOMA | |
| Código de lengua del texto;banda sonora o título independiente | spa |
| Código de lengua original | eng |
| 100 1# - ENCABEZAMIENTO PRINCIPAL--NOMBRE PERSONAL | |
| Nombre de persona | Alimo-Metcalfe, Beverly |
| 9 (RLIN) | 5932 |
| 245 14 - MENCIÓN DE TÍTULO | |
| Título | Las mujeres en los puestos directivos |
| Resto del título | : socialización organizacional y prácticas de evaluación que impiden la promoción profesional |
| Mención de responsabilidad, etc. | Beverly Alimo-Metcalf ; traducción de María Isabel Miró |
| 504 ## - NOTA DE BIBLIOGRAFÍA, ETC. | |
| Nota de bibliografía, etc. | Bibliografía: p. 145-149 |
| 650 #4 - ASIENTO SECUNDARIO DE MATERIA--TÉRMINO DE MATERIA | |
| Término de materia o nombre geográfico como elemento inicial | aspecto psicológico |
| 9 (RLIN) | 27276 |
| 650 #4 - ASIENTO SECUNDARIO DE MATERIA--TÉRMINO DE MATERIA | |
| Término de materia o nombre geográfico como elemento inicial | aspecto sociológico |
| 9 (RLIN) | 29077 |
| 650 #4 - ASIENTO SECUNDARIO DE MATERIA--TÉRMINO DE MATERIA | |
| Término de materia o nombre geográfico como elemento inicial | ascenso |
| 9 (RLIN) | 28217 |
| 650 #4 - ASIENTO SECUNDARIO DE MATERIA--TÉRMINO DE MATERIA | |
| Término de materia o nombre geográfico como elemento inicial | desarrollo de la carrera |
| 9 (RLIN) | 29403 |
| 650 #4 - ASIENTO SECUNDARIO DE MATERIA--TÉRMINO DE MATERIA | |
| Término de materia o nombre geográfico como elemento inicial | evaluación profesional |
| 9 (RLIN) | 29328 |
| 650 #4 - ASIENTO SECUNDARIO DE MATERIA--TÉRMINO DE MATERIA | |
| Término de materia o nombre geográfico como elemento inicial | trabajo de valor comparable |
| 9 (RLIN) | 29782 |
| 650 #4 - ASIENTO SECUNDARIO DE MATERIA--TÉRMINO DE MATERIA | |
| Término de materia o nombre geográfico como elemento inicial | alta dirección |
| 9 (RLIN) | 28192 |
| 650 #4 - ASIENTO SECUNDARIO DE MATERIA--TÉRMINO DE MATERIA | |
| Término de materia o nombre geográfico como elemento inicial | trabajadora |
| 9 (RLIN) | 28413 |
| 653 10 - TÉRMINO DE INDEXACIÓN--NO CONTROLADO | |
| Término no controlado | Mujer |
| 700 1# - ENCABEZAMIENTO SECUNDARIO--NOMBRE PERSONAL | |
| Nombre de persona | Miró, María Isabel |
| Término indicativo de función | tr. |
| 9 (RLIN) | 18709 |
| 773 0# - ENTRADA DE DOCUMENTO FUENTE | |
| Título | Revista de treball |
| Parte(s) relacionada(s) | Valencia. - N. 23 (sept.-oct. 1994) ; p. 121-149 |
| Número de control del registro relacionado | (ES-MaCES)25428 |
| 902 ## - CES. TIPO DE DOCUMENTO | |
| Tipodoc (006$c Sirtex) | ART Artículo de revista |
| 942 ## - ELEMENTOS KOHA | |
| Fuente de clasificaión o esquema | Clasificación propia del CES |
| Koha [por defecto] tipo de item | Artículos (1982-2017) |
| Parte de clasificación | 3.3. |
No hay ítems disponibles.
